000 01041nam a2200265 i 4500
001 bg
100 1 _aDEMENKO, Andrzej
245 1 0 _aObwodowe modele układów z polem elektromagnetycznym /
_cAndrzej Demenko ; Komitet Elektrotechniki Polskiej Akademii Nauk, Polskie Towarzystwo Elektrotechniki Teoretycznej i Stosowanej.
260 _aPoznań :
_bWydaw. Politechniki Poznańskiej,
_c2004.
300 _a298 s. :
_brys. (w tym kolor.), wykr. ;
_c24 cm.
504 _aBibliogr. s. 295-298.
650 9 _aMetoda elementów skończonych
_xstosowanie
_xelektrotechnika
650 9 _aPole elektromagnetyczne
_xbadanie
_xmetody
650 9 _aUkłady elektryczne
655 _aPodręczniki akademickie
710 0 _aPolska Akademia Nauk
_bKomitet Elektrotechniki
710 0 _aPolskie Towarzystwo Elektrotechniki Teoretycznej i Stosowanej
020 _a8371432488
040 _cBPK
041 0 _apol
080 _a621.31:537.8:519.61/.64](075.8)
920 _a83-7143-248-8
942 _cKS
008 s pl f |000 0 pol
999 _c45662
_d45662
856 _uhttp://koha.tu.koszalin.pl/cgi-bin/koha/opac-detail.pl?biblionumber=45662
_yKatalog online BPK